Sainetes
Kaydedildi:
| Yazar: | |
|---|---|
| Materyal Türü: | Kitap |
| Dil: | İspanyolca |
| Baskı/Yayın Bilgisi: |
Barcelona
Iberia
1959
|
| Seri Bilgileri: | Obras Maestras
|
| Konular: | |
| Etiketler: |
Etiketle
Etiket eklenmemiş, İlk siz ekleyin!
|
MARC
| LEADER | 00000cam a2200000 a 4500 | ||
|---|---|---|---|
| 001 | UCO5570 | ||
| 003 | CL-VaPUC | ||
| 008 | 000908e19590000SP |||||||||||||||||spa|d | ||
| 082 | 0 | 4 | |a 862 |b CRU |2 21 |
| 100 | 0 | |a Cruz, Ramón de la |e author |9 450274 | |
| 245 | 1 | 0 | |a Sainetes |
| 246 | 1 | 3 | |a La plaza mayor |
| 246 | 1 | 3 | |a La pradera de San Isidro |
| 246 | 1 | 3 | |a La casa de Tócame |
| 246 | 1 | 0 | |a Roque |
| 246 | 1 | 3 | |a La comedia casera |
| 246 | 1 | 4 | |a Las tertulias de Madrid |
| 246 | 1 | 3 | |a El petimetre |
| 246 | 1 | 4 | |a Las castañeras picadas |
| 246 | 1 | 4 | |a Los bandos del avapiés |
| 246 | 1 | 3 | |a El fandango de Candil |
| 246 | 1 | 0 | |a Manolo |
| 300 | |a 224 p | ||
| 942 | |c BK | ||
| 945 | |d 20000908 00:00:00 |a crobeson | ||
| 260 | |a Barcelona |b Iberia |c 1959 | ||
| 650 | 0 | |a Dramas españoles |9 267081 | |
| 650 | 0 | |a Literatura española |9 306261 | |
| 583 | |a last modification |c 20140725 10:40:27 |k Rodrigo Vera | ||
| 490 | 0 | |a Obras Maestras | |
| 999 | |c 291424 |d 291422 | ||
| 952 | |0 0 |1 0 |4 0 |6 862_000000000000000_CRU_1959 |7 0 |8 A |9 341259 |a BIBART |b BIBART |d 2019-11-20 |i 1221752 |o 862 CRU 1959 |p 1221752 |r 2025-03-13 |w 2019-11-20 |y BK |k ART | ||
| 952 | |0 0 |1 0 |3 erd |4 0 |6 862_000000000000000_CRU_1959 |7 0 |8 A |9 341260 |a BIBART |b BIBART |i 5049326 |o 862 CRU 1959 |p 5049326 |r 2025-03-13 |w 2019-11-20 |y BK |z Catalogado en:20140731 |k ART | ||